Guess the Louis Tomlinson song with no hints #3 - Statistics

General Stats
  • This quiz has been taken 104 times
  • The average score is 204 of 313
Answer Stats
Answer % Correct
you
100%
I
98%
a
96%
A
96%
to
93%
the
91%
The
91%
we
89%
We
89%
And
87%
me
87%
on
83%
No
81%
When
81%
do
80%
it
80%
It
80%
my
80%
My
80%
of
78%
your
78%
be
76%
I'm
76%
In
76%
in
76%
for
74%
not
74%
Not
74%
you're
74%
what
70%
say
67%
time
67%
want
67%
always
65%
been
65%
But
65%
last
63%
first
61%
heart
61%
I've
61%
used
61%
away
59%
change
59%
here
59%
how
59%
How
59%
take
59%
things
59%
At
57%
at
57%
Some
57%
that
57%
got
56%
much
56%
pain
56%
out
54%
thinking
54%
bout
52%
down
52%
matter
52%
might
52%
Saturdays
52%
up
52%
same
50%
stays
50%
about
48%
broken
48%
door
48%
ones
48%
won't
48%
light
46%
trainers
46%
Try
46%
anymore
44%
Nobody
44%
wonderin'
44%
wore
44%
Somebody's
43%
supposed
43%
walked
43%
Feelin'
41%
Silver
41%
three
41%
starin'
39%
way
39%
face
37%
floor
37%
Street
37%
cigarette
35%
haze
35%
ignore
35%
dirty
33%
quarter
33%
brain
31%
cheap
31%
days
31%
Somethin'
31%
Through
31%
gazin'
30%
gives
30%
mirror
30%
shadow
28%
across
26%
catches
26%
countin'
26%
Hidden
24%
carpet
22%
crowd,
20%
shade
20%
sticks
20%
No matching quizzes found
Score Distribution
Percent of People with Each Score
Percentile by Number Answered
Your Score History
You have not taken this quiz